000 01604cam a22003375i 4500
001 18292065
003 SISC
005 20160822101219.0
008 140905t20152015nyua b 001 0 eng
010 _a 2014035573
020 _a9781138839595 (Hardback)
020 _z9781138839601 (Paperback)
020 _z9781315733371 (eBook)
040 _aDLC
_beng
_cDLC
_erda
_dDLC
042 _apcc
050 0 0 _aGV 713
_b.H867 2015
082 0 0 _a796.06/9
100 _aHoye, Russell.
245 0 0 _aSport management :
_bprinciples and applications /
_cRussell Hoye, Aaron C.T. Smith, Matthew Nicholson and Bob Stewart.
250 _a4th edition.
260 _aLondon :
_bRoutledge,
_c2015
300 _axx, 383 pages :
_bcolor illustrations ;
_c25 cm.
490 0 _aSport Management Series
500 _aIncludes bibliographical references and index.
505 0 _aPart 1. The sport management environment: 1. Sport management -- 2. The role of the state in sport development -- 3. Nonprofit sport -- 4. Professional sport -- Part 2. Sport management principles: 5. Strategic sport management -- 6. Organizational structure -- 7. Human resource management -- 8. Leadership -- 9. Organizational culture -- 10. Financial management -- 11. Marketing -- 12. Media -- 13. Sport governance -- 14. Performance management.
650 0 _aSports administration.
700 1 _aHoye, Russell,
_d1966-
906 _a7
_bcbc
_corignew
_d1
_eecip
_f20
_gy-gencatlg
942 _2lcc
_cBK
_kFOR
999 _c288929
_d288929